| 000 | 01121nam a2200289 i 4500 | ||
|---|---|---|---|
| 001 | 151272 | ||
| 003 | ES-MaACL | ||
| 005 | 20250821063052.0 | ||
| 007 | t| | ||
| 008 | 071126s2007 sp ||||1| spa d | ||
| 020 | _a978-84-7914-890-4 | ||
| 080 | _a224.1.07 | ||
| 100 | 0 |
_aJerónimo, _cSanto _966343 |
|
| 245 | 1 | 0 |
_aComentario a Isaías (libros XIII-XVIII) _b: pequeño resumen de unos pocos capítulos de Isaías / _cSan Jerónimo ; traducción, introducción y notas de José Anoz. |
| 250 | _aEd. bilingüe promovida por la Orden de San Jerónimo. | ||
| 260 |
_aMadrid : _bBiblioteca de Autores Cristianos, _c2007. |
||
| 300 |
_aXII, 589 p. ; _c20 cm. |
||
| 490 | 1 |
_aObras completas / San Jerónimo ; _v6b |
|
| 490 | 1 |
_aBiblioteca de autores cristianos ; _v669 |
|
| 500 | _aTextos en español y latín. | ||
| 630 | 0 | 7 |
_aBiblia. _pA.T. Isaías- _vComentarios. _9119263 |
| 700 | 1 |
_aAnoz, José. _921818 |
|
| 830 | 0 |
_aObras completas / San Jerónimo ; _v6b _9187635 |
|
| 830 | 0 | 0 |
_aBiblioteca de autores cristianos _v669 _9178679 |
| 852 |
_aES-MaACL _jJ-656 _bR.143179 |
||
| 999 |
_c151272 _d151272 |
||